User Modeling and Adaptation for Daily Routines : Providing Assistance to People with Special Needs /

Furkejuvvon:
Bibliográfalaš dieđut
Váldodahkki: Estefanía Martín, Pablo A. Haya, Rosa M. Carro (edición)
Materiálatiipa: Girji
Giella:eaŋgalasgiella
Almmustuhtton: Londres, Inglaterra : Springer, 2013, c2013
Ráidu:(Human.Computer Interaction Series)
Liŋkkat:Ver documento en línea
Fáddágilkorat: Lasit fáddágilkoriid
Eai fáddágilkorat, Lasit vuosttaš fáddágilkora!

MARC

LEADER 00000nam^a22000000a04500
001 000611578
009 20260416195640.931
020 |a 978-1-4471-4778-7 
022 |a 2524-4477 
037 |a Acervo ITESO - Biblioteca 
041 |a ING 
082 |a Libro en línea 
100 |a Estefanía Martín, Pablo A. Haya, Rosa M. Carro  |e (edición) 
245 |a User Modeling and Adaptation for Daily Routines :  |b Providing Assistance to People with Special Needs / 
264 4 |a Londres, Inglaterra :  |b Springer,  |c 2013, c2013 
264 2 |a Cham, Suiza :  |b Springer Link [distribución],  |c 2025 
300 |a 1 libro electrónico en línea (XII, 250 p.) 
300 |a 1 recurso en línea 
336 |a datos para computadora  |b cod  |2 rdacontenido 
337 |a computadora  |b c  |2 rdamedio 
338 |a recurso en línea  |b cr  |2 rdasoporte 
440 |a (Human.Computer Interaction Series) 
506 0 |a Licencias ilimitadas 
567 |a Catalogación rápida 
649 |a XX 
856 4 0 |u https://link-springer-com.ezproxy.iteso.mx/10.1007/978-1-4471-4778-7  |y Ver documento en línea 
910 |a Fondo General 
920 |a Electrónicos - Libros en Línea 
930 |a Plataforma Digital 
905 |a 205 
902 |a https://opac.biblio.iteso.mx/vufind/Record/000611578